| 000 | 00795nam a22002177a 4500 | ||
|---|---|---|---|
| 999 |
_c12252 _d12252 |
||
| 003 | AR-CdUCM | ||
| 008 | 190408b ||||| |||| 00| 0 spa d | ||
| 040 |
_aMUNICIPALIDAD PROVINCIAL DEL CUSCO _cBIBLIOTECA MUNICIPAL DEL CUSCO |
||
| 082 |
_aEP / 498.515 / _bA86 |
||
| 110 |
_aAsociación Tawantinsuyuman Evangelioq K'ancharinanpaq _930016 |
||
| 245 |
_aDispa Simin Qelqapi Kaq Warmikunamanta : _bMujeres de la Biblia Nuevo Testamento, libro de trabajo n° 2 Quechua de Cusco-Collao / |
||
| 260 |
_aCusco : _bJuanitos ; _c2012. |
||
| 300 |
_a95 páginas ; _bIlustraciones _c30cm |
||
| 650 |
_aQuechua _92063 |
||
| 650 |
_aMujeres _93760 |
||
| 710 |
_aSociedad Bíblica Peruana _930017 |
||
| 710 |
_aATEK. _930018 |
||
| 710 |
_aILV. _930019 |
||
| 942 |
_2ddc _cLIBROS |
||
| 945 |
_anom _d2019-04-08 |
||